Trens Trenčín prešiel obdobím konsolidácie
Trens, a.s. Trenčín - najväčší slovenský výrobca obrábacích strojov prešiel v r. 1993-1997 obdobím ozdravovania a konsolidácie. Znižovanie počtu pracovných miest v tomto období. Priemerný mesačný zárobok v súčasnosti, investície do podniku, vývoj zisku. Výroba sa sústreďuje predovšetkým na konvenčné...
Salvato in:
| Autore principale: | |
|---|---|
| Natura: | Capitolo di libro |
| Lingua: | slovacco |
| Soggetti: | |
| Tags: |
Nessun Tag, puoi essere il primo ad aggiungerne!!
|
MARC
| LEADER | 00000naa a2200000 4500 | ||
|---|---|---|---|
| 001 | r032608 | ||
| 005 | 20230921084045.3 | ||
| 041 | 0 | |a slo | |
| 044 | |a SK | ||
| 245 | 1 | 0 | |a Trens Trenčín prešiel obdobím konsolidácie |c Bohumil Neštrák |
| 520 | |a Trens, a.s. Trenčín - najväčší slovenský výrobca obrábacích strojov prešiel v r. 1993-1997 obdobím ozdravovania a konsolidácie. Znižovanie počtu pracovných miest v tomto období. Priemerný mesačný zárobok v súčasnosti, investície do podniku, vývoj zisku. Výroba sa sústreďuje predovšetkým na konvenčné sústruhy. Zameranie firmy na export. | ||
| 610 | 2 | 0 | |a priemysel strojársky |
| 610 | 2 | 0 | |a stroje obrábacie |
| 610 | 2 | 0 | |a hospodárenie podnikové |
| 610 | 2 | 0 | |a mzdy priemerné |
| 610 | 2 | 0 | |a investície |
| 610 | 2 | 0 | |a zisk |
| 610 | 2 | 0 | |a vývoz |
| 610 | 2 | 0 | |a Trens, a.s. Trenčín |
| 100 | 1 | |a Neštrák, Bohumil | |